00831nab a2200241 uc450000100070000000500170000700800410002403500110006503500210007604000130009704100080011010000290011824501140014765000340026165000210029565000130031665000240032965000130035365000240036670000270039070000280041777301440044564987920260226100022.0010303e19980115 eng  a649879 a(OCoLC)819898503 ccomduadb aeng10aLacunza, M. H.4auteaut10aHigh pressure polymerization of ethylene in tubular reactors. parametric study to obtain maximum productivity aAlta presión (Tecnología) aPolimerización aEtilenos 7aProductividad2Ocde aModelado aReactores tubulares10aUgrin, P. E.4auteaut10aBrandolin, A.4auteaut0 tInvestigación Aplicada Latino Americana (Bahía Blanca, Argentina)gVol. 28, No. 01-02, Ene. 1998, p. 101-106w495513x0327-07930123981